000 00480nam a2200181Ia 4500
001 23626
005 20260414150949.0
008 260414t2014||||xx |||||||||||||| ||spa||
041 _aESP
082 _a670.427
_bG71
100 _aGonzález Contreras, Francisco
_eAUT
245 0 _aPlanificación de procesos y control numérico :
_bejercicios resueltos
260 _c2014
300 _a160 páginas :
_c24 cm.
650 _aTCA
654 _aCII
942 _cLIB
_dJUS
_fJUS
_2ddc
_n
999 _c23626
_d23626